ON WAR (Record no. 582242)

000 -LEADER
fixed length control field 00236nam a22001097a 4500
082 ## - DEWEY DECIMAL CLASSIFICATION NUMBER
Classification number 355.02 ELA'O
100 ## - MAIN ENTRY--PERSONAL NAME
Personal name CLAUSEWITZ, CARL VON
9 (RLIN) 2759
245 ## - TITLE STATEMENT
Title ON WAR
260 ## - PUBLICATION, DISTRIBUTION, ETC.
Place of publication, distribution, etc. NEW JERSCY
Name of publisher, distributor, etc. PRINCETON
Date of publication, distribution, etc. 1976
300 ## - PHYSICAL DESCRIPTION
Extent 717P
942 ## - ADDED ENTRY ELEMENTS (KOHA)
Koha item type Book
Holdings
Withdrawn status Lost status Damaged status Not for loan Permanent Location Current Location Shelving location Date acquired Total Checkouts Full call number Barcode Date last seen Price effective from Koha item type
        College of Electrical & Mechanical Engineering (CEME) College of Electrical & Mechanical Engineering (CEME) General Stacks 06/02/2017   355.02 ELA'O CEME-10699 06/28/2021 06/28/2021 Book
        College of Electrical & Mechanical Engineering (CEME) College of Electrical & Mechanical Engineering (CEME) General Stacks 06/02/2017   355.02 ELA'O CEME-10700 06/28/2021 06/28/2021 Book
© 2023 Central Library, National University of Sciences and Technology. All Rights Reserved.